Normal view
MARC view
Entry Topical Term
001 - CONTROL NUMBER
- control field: 7117
003 - CONTROL NUMBER IDENTIFIER
- control field: HDC
005 - DATE AND TIME OF LATEST TRANSACTION
- control field: 20230624073240.0
008 - FIXED-LENGTH DATA ELEMENTS
- fixed length control field: 210124|| aca||aabn | a|a d
040 ## - CATALOGING SOURCE
- Original cataloging agency: HDC
- Transcribing agency: HDC
150 ## - HEADING--TOPICAL TERM
- Topical term or geographic name entry element: Convenience foods
- General subdivision: Religious aspects
- General subdivision: Islam
670 ## - SOURCE DATA FOUND
- Source citation: Work cat.: (HDC): Zainal Abidin bin Yahaya author 7116, Makanan Menurut Hukum Islam dan Kesihatan:, 2011
